Basic marketing : (Record no. 145007)

MARC details
000 -LEADER
fixed length control field 01088nam a2200289 a 4500
003 - CONTROL NUMBER IDENTIFIER
control field OSt
005 - DATE AND TIME OF LATEST TRANSACTION
control field 20240227093527.0
008 - FIXED-LENGTH DATA ELEMENTS--GENERAL INFORMATION
fixed length control field
020 ## - INTERNATIONAL STANDARD BOOK NUMBER
International Standard Book Number 0256083983 (paperback)
040 ## - CATALOGING SOURCE
Transcribing agency NUST
Original cataloging agency NUST
Language of cataloging eng
Modifying agency NUST
Description conventions rda
050 ## - LIBRARY OF CONGRESS CALL NUMBER
Classification number HF5415.13 McC
100 1# - MAIN ENTRY--PERSONAL NAME
Personal name McCarthy, E. Jerome
Fuller form of name (Edmund Jerome)
245 10 - TITLE STATEMENT
Title Basic marketing :
Remainder of title a managerial approach /
Statement of responsibility, etc. E. Jerome McCarthy, William D. Perreault.
250 ## - EDITION STATEMENT
Edition statement Tenth, International student edition
260 ## - PUBLICATION, DISTRIBUTION, ETC.
Place of publication, distribution, etc. Homewood, IL. :
Name of publisher, distributor, etc. Irwin,
Date of publication, distribution, etc. ©1990.
300 ## - PHYSICAL DESCRIPTION
Extent xviii, 734 pages :
Other physical details colour illustration ;
Dimensions 27 cm.
336 ## - CONTENT TYPE
Source rdacontent
Content type term text
Content type code txt
337 ## - MEDIA TYPE
Source rdamedia
Media type term unmediated
Media type code n
338 ## - CARRIER TYPE
Source rdacarrier
Carrier type term volume
Carrier type code nc
440 #0 - SERIES STATEMENT/ADDED ENTRY--TITLE
Title Irwin series in marketing.
504 ## - BIBLIOGRAPHY, ETC. NOTE
Bibliography, etc. note Includes bibliographical references.
650 #0 - SUBJECT ADDED ENTRY--TOPICAL TERM
Topical term or geographic name entry element Marketing
General subdivision Management.
650 #0 - SUBJECT ADDED ENTRY--TOPICAL TERM
Topical term or geographic name entry element Marketing
Geographic subdivision United States
General subdivision Management.
650 #0 - SUBJECT ADDED ENTRY--TOPICAL TERM
Topical term or geographic name entry element Export marketing
General subdivision Management.
700 1# - ADDED ENTRY--PERSONAL NAME
Personal name Perreault, William D.
Relator term Author
942 ## - ADDED ENTRY ELEMENTS (KOHA)
Koha item type Ordinary Loan Books
Call number prefix HF
Call number suffix MAC
Source of classification or shelving scheme Library of Congress Classification
Edition Tenth, International student edition
Classification part HF5415.13
Suppress in OPAC No
Holdings
Withdrawn status Lost status Source of classification or shelving scheme Damaged status Not for loan Collection Home library Current library Shelving location Date acquired Cost, normal purchase price Total Checkouts Full call number Barcode Date last seen Cost, replacement price Price effective from Koha item type
    LCC     NFIC MAIN MAIN GEN 01/23/2023 80.00 35 HF5415.13 McC 92003004899 01/23/2023 80.00 01/23/2023 BOOKS